000 00959nam a2200229 a 4500
003 0
005 20250325090855.0
008 060728s19uu xx 00 eng d
050 _aPGS HV 890.P6.D36
_b.Al445 2006
100 _aAlmanzor, Freya Athina Shayne.
245 _aThe profile of the dangers and hazards faced by the street children in selected areas in Las Pinas /
_cFreya Athina Shayne Almanzor.
260 _aLas Piñas City, Philippines :
_bSouthville International School and Colleges,
_c2006.
300 _a49 pages :
_billustrations ;
_c28 cm.
504 _aIncludes bibliographical references.
650 _aStreet children
_zPhilippines
_zLas Piñas.
650 _aHomeless children
_zPhilippines
_zLas Piñas.
650 _aChildren
_vViolence against
_zPhilippines.
650 _aChild welfare
_zPhilippines.
650 _aChildren
_vSocial conditions
_zPhilippines.
650 _aHazards
_vUrban poor
_zPhilippines.
942 _2lcc
_cPASS
999 _c97449
_d97449